00902 2200337 4500001002100000005001700021008004100038020002200079035002400101040001200125082001500137084001700152100001900169245006400188250001100252260003800263300003100301440002900332650001100361850001200372990001800384990001800402990001800420990001800438990001800456990001800474990001800492990001800510990001800528990001800546INLIS00000000002190420160810100058.0  a978-602-268-056-7 0010-081600000000261 aYOPDYOG 223a297.64 a297.64 Kar B aKARTIKA ISRARI aBilal bin RabahbBudak teraniaya, pengumandang azan pertama aCet. 1 aJakartabLuxima Metro Mediac2015 a108 hlm.b; Ilus.c; 23 cm aseri teladan anak muslim aMuazin aYOPDYOG a10139-KS/B.16 a10140-KS/B.16 a10141-KS/B.16 a10142-KS/B.16 a10143-KS/B.16 a10144-KS/B.16 a10145-KS/B.16 a10146-KS/B.16 a10147-KS/B.16 a10148-KS/B.16